000 00945cam a2200217 4500
001 X127085
008 040818n2004 000 0 eng u
035 _a(Sirsi) u127085
100 _aBeaton, D.
245 _aWhy soil care will soon be so vital
260 _c2004
490 _aFarmers' Weekly
_v141(5) 30 July 2004, 58-61(4)
520 _aEmphasises the importance of soil and nutrient planning following the EU's water framework directive (Diretive 2000/60/EC). The Environment Agency has set up a scheme to assess the risk of soil erosion and diffuse pollution on farms. A number of pilot schemes examine the level of risk for soil type, slope and proximity to a water course or road.
650 _aSOIL EROSION
650 _aSOIL PROTECTION
650 _aWATER POLLUTION
650 _aDIRECTIVE 2000/60/EC
650 _aNITRATE POLLUTION
690 _aENVIRONMENTAL AND LAND CONSULTANCY-ENVIRONMENTAL MANAGEMENT
942 _n0
999 _c74503
_d74503